| 000 | 00354nam a22001457a 4500 | ||
|---|---|---|---|
| 999 |
_c8111 _d8111 |
||
| 003 | OSt | ||
| 005 | 20200804143153.0 | ||
| 008 | 200804b ||||| |||| 00| 0 eng d | ||
| 020 | _a9781439062173 | ||
| 082 |
_a628.44 _bVES |
||
| 100 | _aVesilind, P. Aarne | ||
| 245 | _aSolid waste engineering | ||
| 260 |
_aAustralia _bCengage learning _c2012 |
||
| 942 | _2ddc | ||